Statystyki dla Zgadnij pętlę tramwajową w Krakowie po liniach, które na nią jeżdżą

Kliknij tutaj aby rozwiązać quiz!

Ogólne statystyki

  • Ten quiz został rozwiązany 20 razy
  • Średni wynik to 13 z 15

Statystyki odpowiedzi

Numer liniiPętla% Poprawnych
11, 17, 18, 52Czerwone Maki P+R
100%
18, 50Górka Narodowa P+R
100%
8, 19, 22, 50Borek Fałęcki
94%
13, 14Bronowice
94%
20, 11Mały Płaszów P+R
94%
3, 9, 13Nowy Bieżanow P+R
94%
10, 21Pleszow
94%
4, 8, 24Bronowice Małe
88%
17, 44Dworzec Towarowy
88%
3, 5, 19Krowodrza Górka P+R
88%
21, 52Os. Piastow
88%
20Cichy Kącik
82%
10, 24Kurdwanów P+R
82%
9, 14, 16Mistrzejowice
76%
49TAURON Arena Kraków Wieczysta
65%

Rozkład punktacji

Percentyl według liczby udzielonych odpowiedzi

Procent ludzi z każdym wynikiem

Twoja historia wyników

Nie rozwiązałeś tego quizu